00325nam a22000977a 4500008004100000020001500041082002100056245008800077260005500165300000700220230626b xxu||||| |||| 00| 0 eng d a9987666329 a337.11bEAC 2003 aReport of the1st East African Community Summit of Heads of StatebArusha, Tanzania  aTanzania bEast African Community Secretaiatc2003 a9p